000
00289nam a2200121Ia 4500
008
190216s9999||||xx |||||||||||||| ||und||
100
_a
Thomas Dekker
245
4
_a
The Shoemaker`S Holiday
260
_b
Macmillan India Ltd
_c
1983
300
_a
104
650
_a
English Drama
942
_c
BK
999
_c
13757
_d
13757